000
00298nam a22001337a 4500
008
180309b xxu||||| |||| 00| 0 eng d
020
_a
0534052800
041
_a
eng
080
_a
54
100
_a
12
101
_a
KIM
245
_a
Fundamentals of organic chemistry
_c
Murry,J.M
942
_2
udc
_c
BK
999
_c
44627
_d
44627